Common core suite : implementation and pacing guide : english language arts : grade 6 (Record no. 284592)
[ view plain ]
| 000 -LEADER | |
|---|---|
| fixed length control field | 00484nam a22001337a 4500 |
| 008 - FIXED-LENGTH DATA ELEMENTS--GENERAL INFORMATION | |
| fixed length control field | 150603b xxu||||| |||| 00| 0 eng d |
| 020 ## - INTERNATIONAL STANDARD BOOK NUMBER | |
| International Standard Book Number | 9781629289199 |
| 050 ## - LIBRARY OF CONGRESS CALL NUMBER | |
| Classification number | PE 1408.ELA6 |
| Item number | C734.IPG 2015 |
| 110 ## - MAIN ENTRY--CORPORATE NAME | |
| Corporate name or jurisdiction name as entry element | Common Core |
| 245 ## - TITLE STATEMENT | |
| Title | Common core suite : implementation and pacing guide : english language arts : grade 6 |
| 260 ## - PUBLICATION, DISTRIBUTION, ETC. (IMPRINT) | |
| Place of publication, distribution, etc | NewYork |
| Name of publisher, distributor, etc | Triumph Learning |
| Date of publication, distribution, etc | 2015 |
| 300 ## - PHYSICAL DESCRIPTION | |
| Extent | 33 page., |
| Other physical details | col.,ill., |
| 942 ## - ADDED ENTRY ELEMENTS (KOHA) | |
| Source of classification or shelving scheme | Library of Congress Classification |
| Item type | Books |
| Classification part | PE 1408.ELA6 C734.IPG 2015 |
| Withdrawn status | Lost status | Source of classification or shelving scheme | Damaged status | Home library | Current library | Shelving location | Date acquired | Total Checkouts | Full call number | Barcode | Date last seen | Price effective from | Koha item type | Total Renewals | Date last borrowed |
|---|---|---|---|---|---|---|---|---|---|---|---|---|---|---|---|
| Library of Congress Classification | Luxembourg Library | Luxembourg Library | Teachers Reference Section | 06/03/2015 | PE 1408.ELA6 C734.IPG 2015 | 19956 | 06/24/2015 | 06/03/2015 | Books | ||||||
| Library of Congress Classification | Luxembourg Library | Luxembourg Library | Teachers Reference Section | 06/03/2015 | 1 | PE 1408.ELA6 C734.IPG 2015 | 19957 | 04/19/2017 | 06/03/2015 | Books | 4 | 05/24/2016 | |||
| Library of Congress Classification | Luxembourg Library | Luxembourg Library | Teachers Reference Section | 06/03/2015 | PE 1408.ELA6 C734.IPG 2015 | 19954 | 06/03/2015 | 06/03/2015 | Books |